00589nam a2200145Ia 4500008004100000020002200041100002800063245008500091260004900176300002600225650001500251650002000266999001900286952013800305200918s9999 xx 000 0 und d a978-621-4160-45-7 aCabrera, Ma. Elenita B. cMa. Elenita B. Cabrera, Gilbert Anthony B. CabreraaCost accounting and control/ aManila:bGIC Enterprises and Co., Inc.c2018 aix, 396 pagesc23 cm. aAccounting aCost accounting c364299d364299 001040aCLbCLcFILd2020-09-18eLibrary fundl9m40oHF 5686.C8 .C117 2018pC22477r2025-02-27 00:00:00s2025-02-21w2020-09-18yBK